| 000 | 01191nam a22002175i 4500 | ||
|---|---|---|---|
| 001 | 166816 | ||
| 003 | ES-MaACL | ||
| 005 | 20230906213416.0 | ||
| 008 | 030327s1879 sp |||| | spa d | ||
| 040 |
_aCAM _bspa _cCAM |
||
| 100 | 1 |
_aUstáriz y Escribano, José. _9112318 |
|
| 245 | 1 | 0 |
_aDiscursos leídos en la sesión inaugural del año académico de 1878-79 en la Academia Médico-Quirúrgica Española verificada el 12 de enero 1879 / _cpor José Ustáriz y Escribano y ... Manuel María José de Galdo. |
| 260 |
_aMadrid : _b[s.n.], _c1879 ( _fImprenta de Enrique Teodoro) |
||
| 300 |
_a19, 34 p. ; _c23 cm. |
||
| 505 | 8 | _aLas 19 p. corresponden al discurso de J. Ustariz y las 35 p. al discurso de Manuel María José de Galdo con port. propia | |
| 530 | _aDisponible también en sitio web. | ||
| 700 | 1 |
_aGaldo, Manuel María José de. _953356 |
|
| 710 | 0 |
_aAcademia Médico-Quirúrgica Española. _91209 |
|
| 852 |
_aES-MaACL _jT-685-F-7 _z-- Enc. hol. conservando la cub. original _q-- Falto de la pag.35 _z-- Enc. en un vol. facticio |
||
| 856 |
_uhttp://bibliotecadigitalhispanica.bne.es:80/webclient/DeliveryManager?pid=1834811&custom_att_2=simple_viewer _zIr a la página |
||
| 999 |
_c166816 _d166816 |
||